| 000 | 00518nam a2200145Ia 4500 | ||
|---|---|---|---|
| 008 | 170221s9999 xx 000 0 und d | ||
| 100 | _aJulya Vadimovna Ovcharenko | ||
| 245 | _aEconomic Efficiency Rating of Russian Industrial Enterprises | ||
| 245 | _cJulya Vadimovna Ovcharenko, Elena Anatolyevna Bessonova | ||
| 260 | _bInternational Review of Management and Marketing | ||
| 260 | _cFebruary 2015 | ||
| 300 | _a4:1 | ||
| 650 | _xMarketing. | ||
| 856 | _uhttp://www.econjournals.com/index.php/irmm/issue/view/82 | ||
| 999 |
_c310105 _d310105 |
||